MARC details
| 000 -LEADER |
| campo de control de longitud fija |
02964nam a2200409 i 4500 |
| 001 - NÚMERO DE CONTROL |
| campo de control |
193175 |
| 003 - IDENTIFICADOR DE NÚMERO DE CONTROL |
| campo de control |
SpMaBN |
| 005 - FECHA Y HORA DE LA ÚLTIMA TRANSACCIÓN |
| campo de control |
20250630060301.0 |
| 007 - CAMPO FIJO DE DESCRIPCIÓN FÍSICA--INFORMACIÓN GENERAL |
| campo de control de longitud fija |
ta |
| 008 - DATOS DE LONGITUD FIJA--INFORMACIÓN GENERAL |
| campo de control de longitud fija |
230930s2015 sp a | |||| 000 f spa |
| 017 ## - NÚMERO DE COPYRIGHT O DE DEPÓSITO LEGAL |
| Número de copyright o de depósito legal |
M 15638-2015 |
| Agencia que asigna |
Oficina Depósito Legal Madrid |
| 020 ## - NÚMERO INTERNACIONAL ESTÁNDAR DEL LIBRO |
| Número Internacional Estándar del Libro |
9788490604205 |
| 035 ## - NÚMERO DE CONTROL DEL SISTEMA |
| Número de control de sistema |
(OCoLC)921826779 |
| 035 ## - NÚMERO DE CONTROL DEL SISTEMA |
| Número de control de sistema |
a5666103 |
| 040 ## - FUENTE DE CATALOGACIÓN |
| Centro catalogador/agencia de origen |
SpMaBN |
| Lengua de catalogación |
spa |
| Centro/agencia transcriptor |
SpMaBN |
| Normas de descripción |
rdc |
| Centro/agencia modificador |
ES-MaACL |
| 080 ## - NÚMERO DE LA CLASIFICACIÓN DECIMAL UNIVERSAL |
| Número de la Clasificación Decimal Universal |
821.134.2-31"20" |
| 100 ## - ENTRADA PRINCIPAL--NOMBRE DE PERSONA |
| Nombre de persona |
García Mateache, Aurora, |
| Fechas asociadas al nombre |
1982- |
| Número de control del registro de autoridad o número normalizado |
XX5498117 |
| Término indicativo de función/relación |
Autor |
| 9 (RLIN) |
234262 |
| 245 13 - MENCIÓN DEL TÍTULO |
| Título |
La favorita : |
| Resto del título |
la historia de amor entre Alfonso XII y Elena Sanz / |
| Mención de responsabilidad, etc. |
Aurora García Mateache. |
| 250 ## - MENCION DE EDICION |
| Mención de edición |
Segunda edición: septiembre de 2015 |
| 260 ## - PUBLICACIÓN, DISTRIBUCIÓN, ETC. |
| Lugar de publicación, distribución, etc. |
Madrid : |
| Nombre del editor, distribuidor, etc. |
La Esfera de los Libros, |
| Fecha de publicación, distribución, etc. |
2015 |
| 300 ## - DESCRIPCIÓN FÍSICA |
| Extensión |
357 páginas, [32] páginas de láminas (blanco y negro) ; |
| Dimensiones |
25 cm |
| 336 ## - TIPO DE CONTENIDO |
| Término de tipo de contenido |
Texto (visual) |
| Fuente |
isbdcontent |
| 337 ## - TIPO DE MEDIO |
| Nombre/término del tipo de medio |
sin mediación |
| Fuente |
isbdmedia |
| 338 ## - TIPO DE SOPORTE |
| Fuente |
rdacarrier |
| Nombre/término del tipo de soporte |
volumen |
| 490 1# - MENCIÓN DE SERIE |
| Mención de serie |
Novela histórica |
| 520 ## - RESUMEN, ETC. |
| Sumario, etc. |
A mediados del siglo XIX, en el hospicio de Las Niñas de Leganés, la joven Elena Sanz soñaba que, algún día, llegaría a cantar una ópera en el Teatro Real de Madrid.<br/><br/>Su talento y belleza le hicieron superar todos sus sueños. Gracias a su voz conquistó los escenarios de toda Europa, desde el palco imperial del zar Alejandro II hasta el corazón de Emilio Castelar, que la definió como "una divinidad egipcia (...) por cuya belleza hubiera perecido Antonio de Roma". Pero lo que la "Bella del Re" nunca pudo imaginar es que compartiría el trágico destino del personaje que la llevó a la fama: "La Favorita" de Donizetti. Al igual que la amante de Alfonso XI, Elena fue desterrada por el amor de un rey, en este caso, Alfonso XII.<br/><br/>Atrapada en una trama de seducción, celos, traición y alta política, la contralto dio dos hijos ilegítimos al monarca que provocaron el escándalo de la sociedad de la época y el deseo de justicia de una de las reinas con más poder de toda Europa, la regente María Cristina de Habsburgo.<br/>De la magia de su voz no quedó grabación alguna. Su nombre fue proscrito. Pero su historia de amor, condenada antes de nacer, vuelve a ser contada en esta novela con el telón de fondo de la suntuosa y delirante Europa de la emperatriz Eugenia de Montijo, Sofía Troubetzkoy, Cánovas del Castillo, Albéniz y Conan Doyle. |
| 600 14 - PUNTO DE ACCESO ADICIONAL DE MATERIA--NOMBRE DE PERSONA |
| Nombre de persona |
Sanz, Elena, |
| 9 (RLIN) |
234323 |
| Fechas asociadas al nombre |
1844-1898 |
| 655 #7 - TERMINO DE INDIZACIÓN--GENERO/FORMA |
| Datos o término principal de género/forma |
Novelas históricas |
| Fuente del término |
tgfbne |
| 9 (RLIN) |
226782 |
| 830 ## - PUNTO DE ACCESO ADICIONAL DE SERIE-TÍTULO UNIFORME |
| Título uniforme |
Novela histórica (La Esfera de los Libros) |
| 9 (RLIN) |
234263 |
| 852 ## - LOCALIZACIÓN |
| Ubicación |
ES-MaACL |
| Sublocalización o colección |
R.154578 |
| itemnumber |
200551 |
| Número de control de estantería |
N-9338 |
| Ubicación en estantería |
Depósito J |
| Encuadernación |
Encuadernación cartoné con sobrecubiertas |
| Donativo/Legado |
Donación: Aurora García Mateache |
| 903 ## - NOMBRE PERSONAL DE DONANTE |
| a |
García Mateache, Aurora, |
| d |
1982- |
| e |
Donante |
| 9 |
234262 |
| 942 ## - ELEMENTOS DE ENTRADA SECUNDARIOS (KOHA) |
| Suprimir en OPAC |
No |
| Tipo de ítem Koha |
Libro impreso |